[Event "DVM U16 2022"]
[Site "Darmstadt GER"]
[Date "2022.12.28"]
[Round "3"]
[White "Elstner, Florian"]
[Black "Englert, Luca"]
[Result "0-1"]
[Termination "normal"]
[Board "6.1"]
[WhiteElo "1736"]
[BlackElo "1967"]
[WhiteClock "00:17:09"]
[BlackClock "01:07:12"]
[WhiteTeam "Schachklub König Plauen"]
[BlackTeam "VfB Schach Leipzig e.V."]
[PlyCount "108"]
[WhiteFideId "16247264"]
[BlackFideId "16293088"]
[EventCountry "GER"]
[EventRounds "7"]
[EventType "team-swiss"]
[EventDate "2022.12.26"]

1. d4 {[%clk 1:30:57]} d5 {[%clk 1:30:55]} 2. c4 {[%clk 1:31:23]} c6 {[%clk
1:31:20]} 3. Nc3 {[%clk 1:31:48]} Nf6 {[%clk 1:31:44]} 4. cxd5 {[%clk 1:32:13]}
cxd5 {[%clk 1:32:07]} 5. Bf4 {[%clk 1:32:32]} Nc6 {[%clk 1:31:36]} 6. e3 {[%clk
1:31:46]} Bf5 {[%clk 1:31:17]} 7. Qb3 {[%clk 1:31:11]} Na5 {[%clk 1:29:38]} 8.
Bb5 {[%clk 1:28:27]} Bd7 {[%clk 1:29:12]} 9. Qa4 {[%clk 1:25:55]} Nc6 {[%clk
1:27:19]} 10. Qb3 {[%clk 1:17:33]} e6 {[%clk 1:26:23]} 11. Nf3 {[%clk 1:16:07]}
Na5 {[%clk 1:21:28]} 12. Qa4 {[%clk 1:09:09]} a6 {[%clk 1:20:47]} 13. Bxd7
{[%clk 1:09:32]} Nxd7 {[%clk 1:21:12]} 14. O-O {[%clk 1:06:26]} b5 {[%clk
1:20:47]} 15. Qd1 {[%clk 1:04:12]} Be7 {[%clk 1:18:27]} 16. Rc1 {[%clk
1:02:35]} Rc8 {[%clk 1:18:17]} 17. Ne2 {[%clk 1:00:22]} O-O {[%clk 1:16:44]}
18. Rxc8 {[%clk 0:59:02]} Qxc8 {[%clk 1:17:08]} 19. Qc1 {[%clk 0:58:39]} Nc4
{[%clk 1:05:02]} 20. Qc2 {[%clk 0:38:30]} Qb7 {[%clk 1:02:22]} 21. Rc1 {[%clk
0:38:27]} Rc8 {[%clk 1:02:17]} 22. b3 {[%clk 0:36:39]} Nd6 {[%clk 0:55:57]} 23.
Qb2 {[%clk 0:35:45]} f6 {[%clk 0:53:37]} 24. Rxc8 {[%clk 0:30:35]} Qxc8 {[%clk
0:53:34]} 25. Qc1 {[%clk 0:30:00]} Qxc1 {[%clk 0:52:11]} 26. Nxc1 {[%clk
0:30:25]} Ne4 {[%clk 0:51:37]} 27. a4 {[%clk 0:22:42]} bxa4 {[%clk 0:49:24]}
28. bxa4 {[%clk 0:23:07]} Nb6 {[%clk 0:45:49]} 29. a5 {[%clk 0:23:02]} Nc4
{[%clk 0:46:14]} 30. Bc7 {[%clk 0:22:31]} Kf7 {[%clk 0:45:38]} 31. Nd3 {[%clk
0:11:34]} Ke8 {[%clk 0:45:21]} 32. Nfe1 {[%clk 0:09:34]} Kd7 {[%clk 0:45:41]}
33. Bf4 {[%clk 0:09:39]} g5 {[%clk 0:45:09]} 34. Bg3 {[%clk 0:08:27]} Nxa5
{[%clk 0:44:56]} 35. Nc2 {[%clk 0:07:12]} Nb3 {[%clk 0:44:01]} 36. Kf1 {[%clk
0:06:38]} Kc6 {[%clk 0:43:25]} 37. f3 {[%clk 0:06:07]} Nxg3 {[%clk 0:43:48]}
38. hxg3 {[%clk 0:06:32]} a5 {[%clk 0:43:55]} 39. Ke2 {[%clk 0:06:28]} Kb5
{[%clk 0:44:07]} 40. Nb2 {[%clk 0:05:40]} a4 {[%clk 0:42:00]} 41. Nxa4 {[%clk
0:21:29]} Kxa4 {[%clk 1:12:18]} 42. e4 {[%clk 0:21:45]} dxe4 {[%clk 1:07:43]}
43. fxe4 {[%clk 0:22:08]} Bd6 {[%clk 1:07:00]} 44. g4 {[%clk 0:19:04]} Nc1
{[%clk 1:06:20]} 45. Kf3 {[%clk 0:17:58]} Kb5 {[%clk 1:05:30]} 46. e5 {[%clk
0:14:53]} fxe5 {[%clk 1:04:54]} 47. dxe5 {[%clk 0:15:16]} Bxe5 {[%clk 1:05:18]}
48. Ke4 {[%clk 0:15:42]} Bf6 {[%clk 1:05:41]} 49. Nd4 {[%clk 0:15:23]} Bxd4
{[%clk 1:06:02]} 50. Kxd4 {[%clk 0:15:44]} Kc6 {[%clk 1:06:21]} 51. Ke5 {[%clk
0:16:10]} Kd7 {[%clk 1:06:45]} 52. Kf6 {[%clk 0:16:31]} h6 {[%clk 1:06:49]} 53.
Kg6 {[%clk 0:16:55]} Ke7 {[%clk 1:07:12]} 54. Kxh6 {[%clk 0:17:09]} Kf6 0-1

[Event "DVM U16 2022"]
[Site "Darmstadt GER"]
[Date "2022.12.28"]
[Round "3"]
[White "Schön, Florian"]
[Black "Melestean, Timur"]
[Result "1/2-1/2"]
[Termination "normal"]
[Board "6.2"]
[WhiteElo "1730"]
[BlackElo "1718"]
[WhiteClock "01:21:52"]
[BlackClock "01:11:57"]
[WhiteTeam "VfB Schach Leipzig e.V."]
[BlackTeam "Schachklub König Plauen"]
[PlyCount "25"]
[WhiteFideId "16259394"]
[BlackFideId "16280385"]
[EventCountry "GER"]
[EventRounds "7"]
[EventType "team-swiss"]
[EventDate "2022.12.26"]

1. e4 {[%clk 1:30:58]} c6 {[%clk 1:31:26]} 2. d4 {[%clk 1:31:24]} d5 {[%clk
1:31:53]} 3. exd5 {[%clk 1:31:50]} cxd5 {[%clk 1:32:21]} 4. Bd3 {[%clk
1:32:13]} Nc6 {[%clk 1:32:46]} 5. c3 {[%clk 1:32:39]} Nf6 {[%clk 1:33:12]} 6.
Bf4 {[%clk 1:32:57]} Bg4 {[%clk 1:18:33]} 7. Qb3 {[%clk 1:33:00]} Na5 {[%clk
1:17:07]} 8. Qa4 {[%clk 1:33:05]} Nc6 {[%clk 1:11:37]} 9. Qb3 {[%clk 1:21:29]}
Na5 {[%clk 1:11:51]} 10. Qa4 {[%clk 1:21:52]} Nc6 {[%clk 1:11:57]} 11. Qb3 Na5
12. Qa4 Nc6 13. Qb3 1/2-1/2

[Event "DVM U16 2022"]
[Site "Darmstadt GER"]
[Date "2022.12.28"]
[Round "3"]
[White "Atze, Reinhard"]
[Black "Widmann, Maximilian"]
[Result "0-1"]
[Termination "normal"]
[Board "6.3"]
[WhiteElo "1329"]
[BlackElo "1582"]
[WhiteClock "00:50:07"]
[BlackClock "00:03:29"]
[WhiteTeam "Schachklub König Plauen"]
[BlackTeam "VfB Schach Leipzig e.V."]
[PlyCount "76"]
[WhiteFideId "12995665"]
[BlackFideId "16281691"]
[EventCountry "GER"]
[EventRounds "7"]
[EventType "team-swiss"]
[EventDate "2022.12.26"]

1. e4 {[%clk 1:30:56]} c6 {[%clk 1:30:55]} 2. d4 {[%clk 1:31:17]} d5 {[%clk
1:31:18]} 3. exd5 {[%clk 1:30:46]} cxd5 {[%clk 1:31:35]} 4. Bd3 {[%clk
1:31:08]} Nc6 {[%clk 1:31:50]} 5. c3 {[%clk 1:31:28]} Nf6 {[%clk 1:31:33]} 6.
h3 {[%clk 1:31:51]} Qc7 {[%clk 1:27:29]} 7. Ne2 {[%clk 1:31:33]} g6 {[%clk
1:22:18]} 8. Bf4 {[%clk 1:31:38]} Qb6 {[%clk 1:20:19]} 9. Qc2 {[%clk 1:30:13]}
Bg7 {[%clk 1:19:47]} 10. Nd2 {[%clk 1:30:18]} O-O {[%clk 1:17:16]} 11. Nb3
{[%clk 1:29:05]} e6 {[%clk 1:13:23]} 12. g4 {[%clk 1:22:09]} Re8 {[%clk
1:06:53]} 13. Be5 {[%clk 1:13:25]} Qd8 {[%clk 0:54:33]} 14. f3 {[%clk 1:11:06]}
b6 {[%clk 0:50:00]} 15. h4 {[%clk 1:09:03]} Nd7 {[%clk 0:45:11]} 16. Bxg7
{[%clk 1:08:28]} Kxg7 {[%clk 0:45:30]} 17. h5 {[%clk 1:08:50]} Qg5 {[%clk
0:41:53]} 18. hxg6 {[%clk 1:08:05]} fxg6 {[%clk 0:38:42]} 19. Nd2 {[%clk
1:07:31]} Bb7 {[%clk 0:33:59]} 20. O-O-O {[%clk 1:07:07]} Rac8 {[%clk 0:31:47]}
21. a3 {[%clk 1:07:07]} e5 {[%clk 0:21:07]} 22. f4 {[%clk 1:04:21]} exf4 {[%clk
0:20:23]} 23. Rdf1 {[%clk 1:04:11]} Rf8 {[%clk 0:12:47]} 24. Rh2 {[%clk
1:03:11]} f3 {[%clk 0:12:21]} 25. Ng3 {[%clk 0:57:21]} Nxd4 {[%clk 0:09:20]}
26. Qa4 {[%clk 0:57:39]} Nc6 {[%clk 0:09:14]} 27. Kb1 {[%clk 0:54:43]} Nc5
{[%clk 0:07:44]} 28. Qc2 {[%clk 0:54:39]} Nxd3 {[%clk 0:06:06]} 29. Qxd3 {[%clk
0:55:00]} Ne5 {[%clk 0:05:26]} 30. Qd4 {[%clk 0:55:15]} Kg8 {[%clk 0:04:18]}
31. Rhf2 {[%clk 0:53:51]} Rf4 {[%clk 0:02:45]} 32. Qe3 {[%clk 0:52:08]} Rxg4
{[%clk 0:02:53]} 33. Qxg5 {[%clk 0:50:03]} Rxg5 {[%clk 0:03:19]} 34. Nxf3
{[%clk 0:50:22]} Nxf3 {[%clk 0:03:27]} 35. Rxf3 {[%clk 0:50:42]} d4 {[%clk
0:02:53]} 36. Rd3 {[%clk 0:49:55]} Ba6 {[%clk 0:03:12]} 37. Rdf3 {[%clk
0:49:42]} Bxf1 {[%clk 0:03:29]} 38. Nxf1 {[%clk 0:50:07]} Rf8 0-1

[Event "DVM U16 2022"]
[Site "Darmstadt GER"]
[Date "2022.12.28"]
[Round "3"]
[White "Vecera, Fabio"]
[Black "Bühring, Marwin"]
[Result "1-0"]
[Termination "normal"]
[Board "6.4"]
[WhiteElo "1454"]
[BlackElo "1374"]
[WhiteClock "00:26:01"]
[BlackClock "00:24:16"]
[WhiteTeam "VfB Schach Leipzig e.V."]
[BlackTeam "Schachklub König Plauen"]
[PlyCount "73"]
[WhiteFideId "16281705"]
[BlackFideId "16281985"]
[EventCountry "GER"]
[EventRounds "7"]
[EventType "team-swiss"]
[EventDate "2022.12.26"]

1. Nf3 {[%clk 1:30:59]} Nf6 {[%clk 1:30:36]} 2. c4 {[%clk 1:31:10]} g6 {[%clk
1:30:48]} 3. g3 {[%clk 1:31:32]} Bg7 {[%clk 1:31:13]} 4. Bg2 {[%clk 1:31:54]}
O-O {[%clk 1:31:22]} 5. O-O {[%clk 1:32:08]} d6 {[%clk 1:31:47]} 6. d4 {[%clk
1:32:01]} Nbd7 {[%clk 1:32:09]} 7. b3 {[%clk 1:31:12]} e5 {[%clk 1:31:08]} 8.
Bb2 {[%clk 1:30:59]} Re8 {[%clk 1:31:32]} 9. e3 {[%clk 1:31:08]} c6 {[%clk
1:29:16]} 10. Nc3 {[%clk 1:29:37]} Qc7 {[%clk 1:25:39]} 11. dxe5 {[%clk
1:29:03]} Nxe5 {[%clk 1:25:28]} 12. Nxe5 {[%clk 1:28:53]} dxe5 {[%clk 1:25:52]}
13. Qc2 {[%clk 1:23:33]} Be6 {[%clk 1:21:14]} 14. Rad1 {[%clk 1:19:20]} Rac8
{[%clk 1:20:26]} 15. Rd2 {[%clk 1:16:21]} b5 {[%clk 1:19:17]} 16. cxb5 {[%clk
1:04:15]} cxb5 {[%clk 1:19:18]} 17. Rc1 {[%clk 1:04:28]} a6 {[%clk 1:15:29]}
18. Qd1 {[%clk 1:04:04]} Qb8 {[%clk 1:11:40]} 19. Rcc2 {[%clk 0:57:08]} Red8
{[%clk 1:05:31]} 20. Nd5 {[%clk 0:48:43]} Nxd5 {[%clk 0:49:44]} 21. Rxc8 {[%clk
0:47:43]} Qxc8 {[%clk 0:45:26]} 22. Bxd5 {[%clk 0:48:01]} Bf6 {[%clk 0:43:02]}
23. Bxe6 {[%clk 0:43:37]} Rxd2 {[%clk 0:43:27]} 24. Bxf7 {[%clk 0:43:35]} Kxf7
{[%clk 0:43:55]} 25. Qxd2 {[%clk 0:43:56]} Qe6 {[%clk 0:44:17]} 26. Qc3 {[%clk
0:40:46]} Qd6 {[%clk 0:43:43]} 27. h3 {[%clk 0:35:32]} Bg7 {[%clk 0:38:20]} 28.
Kg2 {[%clk 0:32:37]} Bf6 {[%clk 0:35:31]} 29. f4 {[%clk 0:28:24]} Bg7 {[%clk
0:24:30]} 30. fxe5 {[%clk 0:28:11]} Bxe5 {[%clk 0:24:49]} 31. Qxe5 {[%clk
0:28:28]} Qd2 {[%clk 0:25:14]} 32. Kf3 {[%clk 0:27:53]} Qd1 {[%clk 0:25:38]}
33. Kf4 {[%clk 0:26:54]} Qf1 {[%clk 0:25:37]} 34. Kg4 {[%clk 0:27:07]} Qe2
{[%clk 0:23:41]} 35. Kh4 {[%clk 0:27:10]} g5 {[%clk 0:23:52]} 36. Kxg5 {[%clk
0:27:02]} h6 {[%clk 0:24:16]} 37. Kxh6 {[%clk 0:26:01]} 1-0

[Event "DVM U16 2022"]
[Site "Darmstadt GER"]
[Date "2022.12.28"]
[Round "3"]
[White "Schwartz, Oliver"]
[Black "Mimkes, Antal"]
[Result "0-1"]
[Termination "normal"]
[Board "7.1"]
[WhiteElo "1868"]
[BlackElo "1778"]
[WhiteClock "00:08:09"]
[BlackClock "00:20:11"]
[WhiteTeam "SC Ostfildern 1952 e.V."]
[BlackTeam "KSV Rochade Göttingen (Veltheim)"]
[PlyCount "92"]
[WhiteFideId "16207459"]
[BlackFideId "16265963"]
[EventCountry "GER"]
[EventRounds "7"]
[EventType "team-swiss"]
[EventDate "2022.12.26"]

1. d4 {[%clk 1:30:57]} Nf6 {[%clk 1:30:24]} 2. c4 {[%clk 1:31:03]} e6 {[%clk
1:30:30]} 3. Nf3 {[%clk 1:30:55]} d5 {[%clk 1:30:28]} 4. Nc3 {[%clk 1:31:16]}
Bb4 {[%clk 1:30:53]} 5. cxd5 {[%clk 1:28:09]} exd5 {[%clk 1:31:07]} 6. Bg5
{[%clk 1:27:47]} h6 {[%clk 1:30:35]} 7. Bh4 {[%clk 1:26:04]} O-O {[%clk
1:27:49]} 8. e3 {[%clk 1:24:10]} Bg4 {[%clk 1:22:20]} 9. Be2 {[%clk 1:15:55]}
c5 {[%clk 1:18:22]} 10. O-O {[%clk 1:12:30]} cxd4 {[%clk 1:13:50]} 11. Qxd4
{[%clk 1:07:28]} Bxc3 {[%clk 1:01:04]} 12. Qxc3 {[%clk 1:06:47]} Nbd7 {[%clk
1:00:43]} 13. Rfd1 {[%clk 1:04:52]} Rc8 {[%clk 0:55:47]} 14. Qb4 {[%clk
0:58:18]} Rc2 {[%clk 0:45:02]} 15. Bd3 {[%clk 0:56:53]} Rc6 {[%clk 0:38:06]}
16. Be2 {[%clk 0:41:57]} Qc8 {[%clk 0:35:11]} 17. Nd4 {[%clk 0:38:58]} Bxe2
{[%clk 0:33:59]} 18. Nxc6 {[%clk 0:34:29]} Qxc6 {[%clk 0:32:15]} 19. Rdc1
{[%clk 0:32:07]} Qb5 {[%clk 0:30:19]} 20. Qa3 {[%clk 0:31:10]} a6 {[%clk
0:29:19]} 21. Rc7 {[%clk 0:29:24]} Qb6 {[%clk 0:27:59]} 22. Rac1 {[%clk
0:28:43]} Bc4 {[%clk 0:27:25]} 23. Bg3 {[%clk 0:28:40]} Re8 {[%clk 0:25:13]}
24. b3 {[%clk 0:25:47]} Bb5 {[%clk 0:25:19]} 25. Rc8 {[%clk 0:24:19]} Bc6
{[%clk 0:22:24]} 26. Rxe8 {[%clk 0:22:53]} Nxe8 {[%clk 0:22:52]} 27. Qe7 {[%clk
0:22:52]} Nef6 {[%clk 0:22:52]} 28. Bd6 {[%clk 0:21:42]} d4 {[%clk 0:21:07]}
29. exd4 {[%clk 0:14:12]} Qxd4 {[%clk 0:21:15]} 30. Re1 {[%clk 0:10:06]} Qd5
{[%clk 0:20:45]} 31. f3 {[%clk 0:09:42]} Qd2 {[%clk 0:17:01]} 32. a3 {[%clk
0:08:36]} Ng4 {[%clk 0:15:05]} 33. Bg3 {[%clk 0:07:00]} Qd4 {[%clk 0:10:26]}
34. Kh1 {[%clk 0:07:19]} Nf2 {[%clk 0:09:32]} 35. Bxf2 {[%clk 0:07:43]} Qxf2
{[%clk 0:09:59]} 36. b4 {[%clk 0:06:10]} Nf6 {[%clk 0:08:08]} 37. Qd8 {[%clk
0:04:53]} Kh7 {[%clk 0:08:08]} 38. Qd3 {[%clk 0:05:09]} g6 {[%clk 0:07:43]} 39.
Re7 {[%clk 0:04:48]} Qa2 {[%clk 0:04:46]} 40. h3 {[%clk 0:03:33]} Qd5 {[%clk
0:02:54]} 41. Qe2 {[%clk 0:28:13]} Nh5 {[%clk 0:31:19]} 42. Qe1 {[%clk
0:26:31]} Kg8 {[%clk 0:28:02]} 43. Re3 {[%clk 0:20:16]} Qg5 {[%clk 0:25:21]}
44. Rc3 {[%clk 0:14:33]} Nf4 {[%clk 0:22:36]} 45. Rc2 {[%clk 0:13:14]} Nxg2
{[%clk 0:20:39]} 46. Qc3 {[%clk 0:08:09]} Nh4 {[%clk 0:20:11]} 0-1

[Event "DVM U16 2022"]
[Site "Darmstadt GER"]
[Date "2022.12.28"]
[Round "3"]
[White "Tulchynsky, David"]
[Black "Chugunov, Ivan"]
[Result "1/2-1/2"]
[Termination "normal"]
[Board "7.2"]
[WhiteElo "1617"]
[BlackElo "1624"]
[WhiteClock "01:16:02"]
[BlackClock "00:42:34"]
[WhiteTeam "KSV Rochade Göttingen (Veltheim)"]
[BlackTeam "SC Ostfildern 1952 e.V."]
[PlyCount "56"]
[WhiteFideId "16289560"]
[BlackFideId "16256808"]
[EventCountry "GER"]
[EventRounds "7"]
[EventType "team-swiss"]
[EventDate "2022.12.26"]

1. d4 {[%clk 1:30:59]} Nf6 {[%clk 1:30:41]} 2. Nf3 {[%clk 1:31:28]} e6 {[%clk
1:30:56]} 3. Bg5 {[%clk 1:31:46]} d5 {[%clk 1:29:47]} 4. c3 {[%clk 1:32:11]}
Bd6 {[%clk 1:26:32]} 5. e3 {[%clk 1:30:51]} Nbd7 {[%clk 1:25:28]} 6. Bd3 {[%clk
1:31:06]} b6 {[%clk 1:23:48]} 7. Nbd2 {[%clk 1:30:32]} h6 {[%clk 1:20:43]} 8.
Bxf6 {[%clk 1:30:58]} Nxf6 {[%clk 1:20:59]} 9. O-O {[%clk 1:30:42]} O-O {[%clk
1:16:54]} 10. Qc2 {[%clk 1:29:11]} Bb7 {[%clk 1:15:57]} 11. Rfe1 {[%clk
1:28:07]} Rc8 {[%clk 1:13:49]} 12. Rad1 {[%clk 1:28:29]} c5 {[%clk 1:13:51]}
13. Qb1 {[%clk 1:28:57]} Qc7 {[%clk 1:13:06]} 14. h3 {[%clk 1:25:54]} e5 {[%clk
1:07:10]} 15. e4 {[%clk 1:18:43]} dxe4 {[%clk 1:04:55]} 16. Nxe4 {[%clk
1:19:04]} Nxe4 {[%clk 1:04:25]} 17. Bxe4 {[%clk 1:19:26]} Bxe4 {[%clk 1:03:22]}
18. Qxe4 {[%clk 1:18:43]} cxd4 {[%clk 0:59:04]} 19. cxd4 {[%clk 1:17:15]} exd4
{[%clk 0:57:03]} 20. Nxd4 {[%clk 1:16:11]} a6 {[%clk 0:56:07]} 21. Ne6 {[%clk
1:15:22]} Bh2 {[%clk 0:55:56]} 22. Kh1 {[%clk 1:15:49]} fxe6 {[%clk 0:55:59]}
23. Qxe6 {[%clk 1:16:17]} Qf7 {[%clk 0:41:24]} 24. Kxh2 {[%clk 1:14:56]} Qxe6
{[%clk 0:41:25]} 25. Rxe6 {[%clk 1:15:22]} Rxf2 {[%clk 0:41:44]} 26. Rxb6
{[%clk 1:15:43]} Rcc2 {[%clk 0:42:00]} 27. Rg1 {[%clk 1:15:38]} Rxb2 {[%clk
0:42:11]} 28. Rxa6 {[%clk 1:16:02]} Rxa2 {[%clk 0:42:34]} 1/2-1/2

[Event "DVM U16 2022"]
[Site "Darmstadt GER"]
[Date "2022.12.28"]
[Round "3"]
[White "Walter, Romeo"]
[Black "Lesser, Luan"]
[Result "1-0"]
[Termination "normal"]
[Board "7.3"]
[WhiteElo "1267"]
[BlackElo "1413"]
[WhiteClock "01:13:50"]
[BlackClock "01:06:23"]
[WhiteTeam "SC Ostfildern 1952 e.V."]
[BlackTeam "KSV Rochade Göttingen (Veltheim)"]
[PlyCount "45"]
[WhiteFideId "16275055"]
[BlackFideId "34640150"]
[EventCountry "GER"]
[EventRounds "7"]
[EventType "team-swiss"]
[EventDate "2022.12.26"]

1. c4 {[%clk 1:30:55]} e6 {[%clk 1:30:59]} 2. Nc3 {[%clk 1:31:19]} d5 {[%clk
1:31:07]} 3. cxd5 {[%clk 1:31:34]} exd5 {[%clk 1:31:35]} 4. d4 {[%clk 1:31:52]}
Bb4 {[%clk 1:30:38]} 5. g3 {[%clk 1:32:00]} Nf6 {[%clk 1:30:03]} 6. Bg2 {[%clk
1:32:17]} O-O {[%clk 1:30:11]} 7. e3 {[%clk 1:32:14]} Be6 {[%clk 1:28:36]} 8.
Nge2 {[%clk 1:32:30]} Re8 {[%clk 1:18:59]} 9. O-O {[%clk 1:32:35]} Nbd7 {[%clk
1:17:41]} 10. f4 {[%clk 1:27:48]} Bxc3 {[%clk 1:14:31]} 11. bxc3 {[%clk
1:26:40]} Bg4 {[%clk 1:14:22]} 12. h3 {[%clk 1:26:32]} Bxe2 {[%clk 1:14:28]}
13. Qxe2 {[%clk 1:26:50]} Ne4 {[%clk 1:14:26]} 14. Bxe4 {[%clk 1:25:06]} Rxe4
{[%clk 1:14:29]} 15. c4 {[%clk 1:22:42]} Nb6 {[%clk 1:11:46]} 16. c5 {[%clk
1:22:48]} Nc4 {[%clk 1:11:53]} 17. Bd2 {[%clk 1:20:19]} Qe7 {[%clk 1:11:10]}
18. Rfe1 {[%clk 1:17:49]} Re8 {[%clk 1:09:34]} 19. Kf2 {[%clk 1:17:59]} Qf6
{[%clk 1:08:11]} 20. Qd3 {[%clk 1:14:57]} Qf5 {[%clk 1:07:57]} 21. g4 {[%clk
1:13:09]} Rxf4 {[%clk 1:07:42]} 22. exf4 {[%clk 1:13:29]} Qxd3 {[%clk 1:06:23]}
23. Rxe8# {[%clk 1:13:50]} 1-0

[Event "DVM U16 2022"]
[Site "Darmstadt GER"]
[Date "2022.12.28"]
[Round "3"]
[White "Liestmann, Marius"]
[Black "Erhardt, Daniel"]
[Result "0-1"]
[Termination "normal"]
[Board "7.4"]
[WhiteElo "1292"]
[BlackElo "1324"]
[WhiteClock "01:09:14"]
[BlackClock "01:04:35"]
[WhiteTeam "KSV Rochade Göttingen (Veltheim)"]
[BlackTeam "SC Ostfildern 1952 e.V."]
[PlyCount "34"]
[WhiteFideId "34640169"]
[BlackFideId "16249429"]
[EventCountry "GER"]
[EventRounds "7"]
[EventType "team-swiss"]
[EventDate "2022.12.26"]

1. e4 {[%clk 1:30:59]} c5 {[%clk 1:30:42]} 2. Nf3 {[%clk 1:29:37]} Nc6 {[%clk
1:31:02]} 3. d4 {[%clk 1:30:02]} cxd4 {[%clk 1:28:49]} 4. Nxd4 {[%clk 1:29:56]}
e5 {[%clk 1:26:48]} 5. Nxc6 {[%clk 1:30:17]} bxc6 {[%clk 1:27:11]} 6. Bc4
{[%clk 1:30:08]} Nf6 {[%clk 1:27:25]} 7. Nc3 {[%clk 1:30:21]} Bb4 {[%clk
1:26:29]} 8. Bd2 {[%clk 1:27:38]} Bxc3 {[%clk 1:22:10]} 9. Bxc3 {[%clk
1:28:00]} Nxe4 {[%clk 1:08:38]} 10. Bxe5 {[%clk 1:19:05]} Qa5 {[%clk 1:08:35]}
11. Bc3 {[%clk 1:15:51]} Nxc3 {[%clk 1:08:59]} 12. Qd2 {[%clk 1:16:04]} Qe5
{[%clk 1:09:19]} 13. Kf1 {[%clk 1:15:24]} Ne4 {[%clk 1:06:34]} 14. Qe3 {[%clk
1:15:34]} d5 {[%clk 1:04:45]} 15. Bd3 {[%clk 1:13:49]} O-O {[%clk 1:04:13]} 16.
f3 {[%clk 1:09:13]} Ng3 {[%clk 1:04:09]} 17. Kf2 {[%clk 1:09:14]} Nxh1 {[%clk
1:04:35]} 0-1

[Event "DVM U16 2022"]
[Site "Darmstadt GER"]
[Date "2022.12.28"]
[Round "3"]
[White "Bock, Marlon"]
[Black "Halabi, Ibrahim"]
[Result "0-1"]
[Termination "normal"]
[Board "8.1"]
[WhiteElo "2002"]
[BlackElo "1927"]
[WhiteClock "00:13:48"]
[BlackClock "00:13:35"]
[WhiteTeam "SSV Vimaria 91 Weimar"]
[BlackTeam "SK Frankenthal"]
[PlyCount "95"]
[WhiteFideId "16244931"]
[BlackFideId "16241754"]
[EventCountry "GER"]
[EventRounds "7"]
[EventType "team-swiss"]
[EventDate "2022.12.26"]

1. d4 {[%clk 1:30:57]} d5 {[%clk 1:30:50]} 2. Nf3 {[%clk 1:31:22]} e6 {[%clk
1:30:50]} 3. e3 {[%clk 1:31:45]} Nf6 {[%clk 1:31:15]} 4. Bd3 {[%clk 1:32:10]}
c5 {[%clk 1:31:40]} 5. b3 {[%clk 1:32:27]} Nc6 {[%clk 1:31:52]} 6. Bb2 {[%clk
1:31:47]} Bd6 {[%clk 1:32:04]} 7. O-O {[%clk 1:31:20]} b6 {[%clk 1:31:33]} 8.
Ne5 {[%clk 1:28:36]} Bb7 {[%clk 1:30:49]} 9. f4 {[%clk 1:27:23]} O-O {[%clk
1:28:43]} 10. Nd2 {[%clk 1:23:42]} Rc8 {[%clk 1:28:59]} 11. a3 {[%clk 1:20:11]}
Ne7 {[%clk 1:29:05]} 12. Rc1 {[%clk 1:11:02]} Ne4 {[%clk 1:23:22]} 13. c4
{[%clk 1:06:08]} Nf5 {[%clk 1:18:47]} 14. Qe2 {[%clk 1:00:57]} f6 {[%clk
1:14:39]} 15. Nef3 {[%clk 0:56:08]} Qe7 {[%clk 1:04:45]} 16. a4 {[%clk
0:49:56]} Kh8 {[%clk 0:57:46]} 17. dxc5 {[%clk 0:41:18]} bxc5 {[%clk 0:50:52]}
18. Nb1 {[%clk 0:36:23]} d4 {[%clk 0:38:03]} 19. exd4 {[%clk 0:22:56]} Bxf4
{[%clk 0:37:48]} 20. Bxe4 {[%clk 0:22:19]} Be3 {[%clk 0:36:53]} 21. Kh1 {[%clk
0:22:04]} Bxe4 {[%clk 0:36:06]} 22. Nfd2 {[%clk 0:18:01]} Bxb1 {[%clk 0:31:42]}
23. Rxb1 {[%clk 0:16:59]} Bxd2 {[%clk 0:26:44]} 24. Rxf5 {[%clk 0:14:18]} cxd4
{[%clk 0:25:30]} 25. Rh5 {[%clk 0:10:14]} Be3 {[%clk 0:22:33]} 26. Qd3 {[%clk
0:10:16]} g6 {[%clk 0:16:12]} 27. Rh3 {[%clk 0:09:01]} e5 {[%clk 0:15:27]} 28.
Qxg6 {[%clk 0:08:55]} Rg8 {[%clk 0:14:47]} 29. Qe4 {[%clk 0:08:37]} Rg7 {[%clk
0:14:10]} 30. Rf1 {[%clk 0:07:15]} Rcg8 {[%clk 0:13:42]} 31. g3 {[%clk
0:03:57]} Rg4 {[%clk 0:09:45]} 32. Qf3 {[%clk 0:03:40]} R4g6 {[%clk 0:10:05]}
33. Qe4 {[%clk 0:03:35]} Rg4 {[%clk 0:10:27]} 34. Ba3 {[%clk 0:03:00]} Qd7
{[%clk 0:03:21]} 35. Qf3 {[%clk 0:02:54]} R4g6 {[%clk 0:03:42]} 36. Qe4 {[%clk
0:02:47]} Rg4 {[%clk 0:03:44]} 37. Qf3 {[%clk 0:02:29]} R4g6 {[%clk 0:04:08]}
38. Rh5 {[%clk 0:02:49]} Bg5 {[%clk 0:03:25]} 39. c5 {[%clk 0:02:49]} Qe6
{[%clk 0:03:03]} 40. Re1 {[%clk 0:00:41]} Rb8 {[%clk 0:02:03]} 41. b4 {[%clk
0:24:03]} Bd2 {[%clk 0:30:17]} 42. Qd3 {[%clk 0:19:32]} Qg4 {[%clk 0:22:13]}
43. Rh4 {[%clk 0:18:49]} Qxh4 {[%clk 0:21:22]} 44. gxh4 {[%clk 0:17:57]} Bxe1
{[%clk 0:21:46]} 45. b5 {[%clk 0:14:48]} Bf2 {[%clk 0:14:01]} 46. h3 {[%clk
0:13:58]} Rbg8 {[%clk 0:13:35]} 47. Qf3 {[%clk 0:13:48]} Be3 48. Qg2 0-1